Blockchain, Big Data And Machine Learning Trends And Applications (Record no. 42767)

MARC details
000 -LEADER
fixed length control field 00338nam a2200121Ia 4500
008 - FIXED-LENGTH DATA ELEMENTS--GENERAL INFORMATION
fixed length control field 241028s9999 xx 000 0 und d
041 ## - LANGUAGE CODE
Language code of text/sound track or separate title eng
082 ## - DEWEY DECIMAL CLASSIFICATION NUMBER
Classification number 005.7 KUM
100 ## - MAIN ENTRY--PERSONAL NAME
Personal name Kumar Gayathri
245 ## - TITLE STATEMENT
Title Blockchain, Big Data And Machine Learning Trends And Applications
260 ## - PUBLICATION, DISTRIBUTION, ETC.
Name of publisher, distributor, etc. Crc Press
Place of publication, distribution, etc. London
Date of publication, distribution, etc. 2020
300 ## - PHYSICAL DESCRIPTION
Extent 345;. P. 24 cm
Holdings
Withdrawn status Lost status Damaged status Not for loan Home library Current library Shelving location Date acquired Cost, normal purchase price Total Checkouts Full call number Barcode Date last seen Date last checked out Cost, replacement price Price effective from Koha item type
        IMTN IMTN Rack 3-A 07/03/2024 5839.50 1 005.7 KUM 33196 02/25/2025 02/20/2025 52.99 10/28/2024 Books
Designed & Maintained by: LRC IMT Nagpur Contact: lrc@imtnag.ac.in© 2024. All Rights Reserved.